000 00760nam a2200289Ia 4500
005 20260324134018.0
008 008 260324s9999 xx 000 0 eng d
020 _a9780203996256
037 _aEBOOK
040 _aCRL
040 _beng
040 _cCRL
041 _2eng
041 _aeng
084 _qCRL
100 _aWinston Trew; Dylan Tomlinson
_91195243
245 0 _aEqualising Opportunities, Minimising Oppression
245 2 _bA Critical Review of Anti-Discriminatory Policies in Health and Social Welfare
260 _bTaylor and Francis
260 _c2002
365 _a
365 _b290
856 _uhttp://www.taylorfrancis.com/books/9780203996256
942 _cEBOOK
999 _c1794870
_d1794870